| 000 | 00742nam a22002537a 4500 | ||
|---|---|---|---|
| 003 | 0 | ||
| 005 | 20180705123154.0 | ||
| 008 | 0 | ||
| 010 | _aB-220568 | ||
| 020 |
_c500.00 _a8189239198 |
||
| 035 | _aB-220568, B-220569 | ||
| 037 | _bCen Lib/Ret | ||
| 040 |
_aDPL _bEN _c0 |
||
| 082 |
_a641 _bSHA |
||
| 100 |
_aSharma, Niraja _919193 |
||
| 245 |
_aNutrition and nutrition status / _cby Niraja Sharma |
||
| 260 |
_bMurari Lal & Sons _aNew Delhi _c2006 |
||
| 270 |
_a4378/4B, Ansari Road, Darya Ganj _bNew Delhi _e110002 |
||
| 300 |
_avi,293p. _c22cm(Hb) |
||
| 500 | _aIncludes bibliographical references and index | ||
| 650 |
_aNutrition _99307 |
||
| 650 |
_aHealth and Nutrition _926813 |
||
| 942 |
_2ddc _cEN _h641 _mSHA |
||
| 999 |
_c129586 _d129586 |
||